01570cam a2200193 a 450000500170000000800410001702000150005802000180007304000510009104100080014224500990015026000540024930000390030349000440034250509270038665000190131365000170133270000270134920140903175040.0140331s2010 xxua fr|||| 001 0 eng d a1845456378 a9781845456375 aCO-BoUCMbspacJose A. GerenadDiana Londoño aeng00aHuman nature as capacitybtranscending discourse and classificationceditado por Nigel Rapport aNueva York (Estados Unidos)bBerghahn Booksc2010 aviii, 236 páginasbilustraciones1 aMethodology and history in anthropology0 aIntroduction : Human capacity as an exceeding, a going beyond / Nigel Rapport -- Conversations with Eulogio : on migration and the building of a life-project in motion / Nelson Ferguson -- The limits of liminality : capacities for change and transition among student travellers / Vered Amit -- 'Crisis' : on the limits of European integration and identity in Northern Ireland / Thomas M. Wilson -- Making the cosmopolitan plea : Harold Oram's international fund-raising in the early Cold War / Laura Suski -- Money, materiality and imagination : life on the other side of value / Andrew Irving -- Acts of entification : the emergence of thinghood in social life / Tord Larsen -- Embodied cognition, communication and the making of place and identity : reflections on fieldwork with masons / Trevor H.J. Marchand -- 'Live in fragments no longer' : social dance and individual imagination in human nature / Jonathan Skinner. 7aAntropología 7aSociología1 aRapport, Nigeleeditor